000 00212nam a2200097Ia 4500
005 20251222114354.0
008 251222s1900||||xx |||||||||||||| ||spa||
082 _aDVD0070/B81/1996
245 0 _aHamlet:
942 _cDVD
999 _c1379
_d1379